000 00505nam a2200193Ia 4500
003 OSt
005 20250702143026.0
008 210210b1991 xxu||||| |||| 00| 0 eng d
040 _cAL
041 _aKannada
082 _aK894.1 RAJC
100 _aRAJIYA (D B)
_dಡಿ. ಬಿ. ರಜಿಯಾ
_9216913
245 _aChhaye
_b ಛಾಯೆ
260 _aShivamogga
_bParisara Sahitya Prakashana
_c1991
300 _axxii,38
690 _aKannada Poetry
_9216914
906 _a045481
942 _2ddc
_cBK
999 _c95250
_d95250